| 000 | 00342nam a2200121Ia 4500 | ||
|---|---|---|---|
| 005 | 20251222144908.0 | ||
| 008 | 251222s9999||||xx |||||||||||||| ||spa|| | ||
| 082 | _a371.428.5/R28 | ||
| 100 | _aRavello Bravo, Carmen | ||
| 245 | 0 | _aTutorÍa y Orientación Educativa en la Educación Primaria | |
| 264 | _bMinisterio de Educación | ||
| 942 | _cLIB | ||
| 999 |
_c22242 _d22242 |
||